Nguyên lý thống kê

Shranjeno v:
Bibliografske podrobnosti
Glavni avtor: Trần, Thị Kỳ
Format: Knjiga
Jezik:Undetermined
Izdano: Hà Nội Lao Động 2011
Teme:
Oznake: Označite
Brez oznak, prvi označite!
Thư viện lưu trữ: Trung tâm Học liệu Trường Đại học Cần Thơ
LEADER 00684nam a2200217Ia 4500
001 CTU_180624
008 210402s9999 xx 000 0 und d
020 |c 60000 
082 |a 519.5 
082 |b K600 
100 |a Trần, Thị Kỳ 
245 0 |a Nguyên lý thống kê 
245 0 |c Trần Thị Kỳ ; Nguyễn Văn Phúc 
260 |a Hà Nội 
260 |b Lao Động 
260 |c 2011 
650 |a Mathematical statistics,Economics,Toán thống kê,Kinh tế học 
650 |x Statistical methods,Phương pháp thống kê 
904 |i Thuý Vi 
910 |a Nguyên 
980 |a Trung tâm Học liệu Trường Đại học Cần Thơ